00722nam a22001097a 4500040000800000082002700008100004300035245046800078260002600546300002400572856001600596 cRUA aVEM MEA 2015 B533 Or.1 aMEAN SENITH; មាន សិនិត aEffectiveness of ivermectin and levamisole on the gastrointestinal parasite in pigs at top sokleang in donkor district, phnom penh ; ប្រសិទ្ធភាពIvermectin និង levamisole លើវត្តមានបរាសិត​ក្នុងក្រពះពោះវៀនជ្រូកនៅកសិដ្ឋាន តុប​ សុខលាង ស្ថិតនៅខណ្ឌដង្កោ រាជធានីភ្នំពេញ aPHNOM PENHbMEAc2015 ax;47p.bill.c29cm. uMEAN SENITH